[Event "Montevideo Reina Reyes op 14th"]
[Site "Montevideo"]
[Date "2020.02.15"]
[Round "3"]
[White "Muniz, Facundo"]
[Black "Martinez, Carlos1111"]
[Result "0-1"]
[WhiteElo "1226"]
[BlackElo "1757"]
[PlyCount "68"]
[EventDate "2020.02.15"]
[EventType "swiss"]
[EventRounds "5"]
[EventCountry "URU"]
[SourceTitle "CBM 195 Extra"]
[Source "ChessBase"]
[SourceDate "2020.05.31"]
[SourceVersion "1"]
[SourceVersionDate "2020.05.31"]
[SourceQuality "1"]

1. e4 e6 2. d4 d5 3. e5 c5 4. c3 Nc6 5. Nf3 Qb6 6. Be2 Nh6 7. Na3 cxd4 8. cxd4 Bxa3 9. bxa3 Nf5 10. Be3 Qa5+ 11. Nd2 Nxe3 12. fxe3 Qxa3 13. Qb3 Qxb3 14. axb3 0-0 15. 0-0 Nb4 16. Rac1 Bd7 17. Nf3 Rac8 18. Nd2 Rxc1 19. Rxc1 Rc8 20. Rxc8+ Bxc8 21. e4 Bd7 22. Kf2 Nc2 23. exd5 exd5 24. Bf3 Be6 25. Bd1 Nxd4 26. Ke3 Nc6 27. Nf3 Kf8 28. Bc2 h6 29. Kd3 Nb4+ 30. Kc3 Nxc2 31. Kxc2 Ke7 32. Kd3 Kd7 33. Kd4 Kc6 34. Nd2 a5 0-1

[Event "Las Canas op"]
[Site "Las Canas"]
[Date "2020.01.10"]
[Round "1"]
[White "Diaz Hollemaert, Nahuel Carlos"]
[Black "Muniz, Facundo"]
[Result "1-0"]
[WhiteElo "2447"]
[BlackElo "1232"]
[PlyCount "43"]
[EventDate "2020.01.10"]
[EventType "swiss"]
[EventRounds "5"]
[EventCountry "URU"]
[SourceTitle "CBM 194 Extra"]
[Source "ChessBase"]
[SourceDate "2020.03.31"]
[SourceVersion "1"]
[SourceVersionDate "2020.03.31"]
[SourceQuality "1"]

1. Nf3 Nc6 2. e4 e5 3. Bb5 Nf6 4. d3 Bc5 5. 0-0 0-0 6. c3 d5 7. Bxc6 bxc6 8. Nxe5 Qd6 9. Bf4 Qe6 10. d4 Bb6 11. exd5 Nxd5 12. Bg3 Ba6 13. Re1 f6 14. Nf3 Qf7 15. Nbd2 Rfe8 16. Qa4 Bb5 17. Qb3 Bd3 18. c4 Ne7 19. Qxd3 Rad8 20. Qc3 Nf5 21. c5 Bxc5 22. Qxc5 1-0